<?xml version="1.0" encoding="UTF-8"?>
<collection xmlns="http://www.loc.gov/MARC21/slim">
 <record>
  <leader>00677pamaa2200157   4500</leader>
  <controlfield tag="001">0000023987</controlfield>
  <controlfield tag="005">20061213090000.0</controlfield>
  <datafield tag="020" ind1="0" ind2="0">
   <subfield code="a">081351441X </subfield>
  </datafield>
  <datafield tag="090" ind1="0" ind2="0">
   <subfield code="a">PS153.N5 </subfield>
   <subfield code="b">WIL 1989</subfield>
  </datafield>
  <datafield tag="245" ind1="1" ind2="0">
   <subfield code="a">WILD Women in the whirlwind : </subfield>
   <subfield code="b">Afra-American culture and the contemporary literary renaissance  </subfield>
   <subfield code="c">edited by Joanne M. Braxton and Andree Nicola McLaughlin.</subfield>
  </datafield>
  <datafield tag="260" ind1="0" ind2="0">
   <subfield code="a">New Brunswick: </subfield>
   <subfield code="b">Rutgers University Press, </subfield>
   <subfield code="c">1989.</subfield>
  </datafield>
  <datafield tag="300" ind1=" " ind2=" ">
   <subfield code="a">xviii, 441p.; </subfield>
   <subfield code="c">25cm.</subfield>
  </datafield>
  <datafield tag="650" ind1="0" ind2="0">
   <subfield code="a">American literature -- </subfield>
   <subfield code="x">Afro-American authors -- </subfield>
   <subfield code="x">History and criticism </subfield>
  </datafield>
  <datafield tag="650" ind1="0" ind2="0">
   <subfield code="a">American literature -- </subfield>
   <subfield code="x">Women authors -- </subfield>
   <subfield code="x">History and criticism </subfield>
  </datafield>
  <datafield tag="700" ind1="1" ind2="1">
   <subfield code="a">BRAXTON, </subfield>
   <subfield code="h">Joanne M. </subfield>
  </datafield>
  <datafield tag="700" ind1="1" ind2="1">
   <subfield code="a">McLaughlin, </subfield>
   <subfield code="h">Andree Nicola </subfield>
  </datafield>
 </record>
</collection>
